Online
Catalog

XI feria nacional del libro: (Record no. 54489)

MARC details
000 -CABECERA
campo de control de longitud fija 01136nam a2200265 i 4500
003 - IDENTIFICADOR DEL NÚMERO DE CONTROL
campo de control DO-SdBNP
005 - FECHA Y HORA DE LA ÚLTIMA TRANSACCIÓN
campo de control 20230818153350.0
007 - CAMPO FIJO DE DESCRIPCIÓN FÍSICA--INFORMACIÓN GENERAL
campo de control de longitud fija ta
008 - DATOS DE LONGITUD FIJA--INFORMACIÓN GENERAL
campo de control de longitud fija 220914e1983 dr |||grc||| 000 0dspa d
040 ## - FUENTE DE LA CATALOGACIÓN
Centro catalogador/agencia de origen DO-SdBNP
Lengua de catalogación spa
Centro/agencia transcriptor BNPHU
Normas de descripción rda
082 #4 - NÚMERO DE LA CLASIFICACIÓN DECIMAL DEWEY
Número de documento/Ítem F356n,1983
Número de edición 22
Número de clasificación xxxxx
111 ## - ENTRADA PRINCIPAL--NOMBRE DE CONGRESO/REUNIÓN
Nombre de congreso/reunión o jurisdicción como elemento de entrada Feria Nacional del Libro
Número del congreso/reunión o número de parte o sección (XIª :
Fecha del congreso/reunión 1983: del 23 de abril al 1 de mayo :
Sede del congreso/Lugar de la reunión Plaza de la Cultura Juan Pablo Duarte.)
9 (RLIN) 82367
245 10 - MENCIÓN DE TÍTULO
Título XI feria nacional del libro:
Resto del título homenaje a Fernándo Arturo de Meriño /
246 ## - FORMA VARIANTE DE TÍTULO
Título propio/Titulo breve Decimo primera feria nacional del libro:
Resto del título homenaje a Domingo Moreno Jiménez /
264 #1 - PRODUCCIÓN, PUBLICACIÓN, DISTRIBUCIÓN, FABRICACIÓN Y COPYRIGHT
Producción, publicación, distribución, fabricación y copyright Santo Domingo :
Nombre del de productor, editor, distribuidor, fabricante Comisión Organizadora Permanente de la Feria Nacional del Libro,
Fecha de producción, publicación, distribución, fabricación o copyright [1983].
300 ## - DESCRIPCIÓN FÍSICA
Extensión 20 páginas
Dimensiones 22 cm.
336 ## - TIPO DE CONTENIDO
Fuente rdacontent
Término de tipo de contenido texto
Código de tipo de contenido txt
337 ## - TIPO DE MEDIO
Fuente rdamedia
Nombre/término del tipo de medio sin mediación
Código del tipo de medio n
338 ## - TIPO DE SOPORTE
Fuente rdacarrier
Nombre/término del tipo de soporte volumen
Código del tipo de soporte nc
590 ## - NOTA LOCAL (RLIN)
Nota local Inventariado 2023 / YL
611 #4 - PUNTO DE ACCESO ADICIONAL DE MATERIA--NOMBRE DE REUNIÓN/CONGRESO
Nombre de congreso/reunión o jurisdicción como elemento de entrada Feria Nacional del Libro
Fecha del congreso/reunión (1983:
Sede del congreso/Lugar de la reunión Santo Domingo, República Dominicana)
Subdivisión general Domingo Moreno Jiménez
9 (RLIN) 82368
650 #4 - PUNTO DE ACCESO ADICIONAL DE MATERIA--TÉRMINO DE MATERIA
Término de materia o nombre geográfico como elemento de entrada Feria del libro
Subdivisión general Domingo Moreno Jiménez
Subdivisión geográfica República Dominicana
9 (RLIN) 82369
910 ## - DATOS DE OPCIÓN DEL USUARIO (OCLC)
Datos de opción del usuario YLockward
942 ## - ELEMENTOS DE PUNTO DE ACCESO ADICIONAL (KOHA)
Fuente del sistema de clasificación o colocación Dewey Decimal Classification
Tipo de ítem Koha Folleto
Holdings
Estado de retiro Estado de pérdida Fuente del sistema de clasificación o colocación Restricciones de uso No para préstamo Código de colección Localización permanente Ubicación/localización actual Ubicación en estantería Fecha de adquisición Fuente de adquisición Total de préstamos Signatura topográfica completa Código de barras Fecha visto por última vez Precio válido a partir de Tipo de ítem Koha
    Dewey Decimal Classification Excluido de préstamo   Dominicana Folletos Biblioteca Nacional Pedro Henríquez Ureña Biblioteca Nacional Pedro Henríquez Ureña En catalogación 04.04.2019 Maritza Pérez G.   F356n,1983 xxxxx 2023-5456 18.08.2023 18.08.2023 Folleto

Powered by Koha